Statistics for City-states in Civilization VI

Click here to take the quiz!

General Stats

  • This quiz has been taken 68 times
  • The average score is 12 of 38

Answer Stats

Type ofCity-State% Correct
ReligiousJerusalem
55%
MilitaristicKabul
55%
IndustrialBrussels
53%
IndustrialHong Kong
53%
TradeZanzibar
51%
IndustrialAuckland
47%
ScienctificGeneva
47%
IndustrialSingapore
47%
CulturalAntananarivo
45%
IndustrialBuenos Aires
45%
IndustrialMexico City
45%
ReligiousVatican City
45%
ReligiousYerevan
39%
ReligiousKandy
37%
MilitaristicValetta
37%
ScientificBologna
35%
MilitaristicAkkad
31%
TradeLisbon
31%
TradeBandar Brunei
29%
ScientificHattusa
29%
ReligiousArmagh
27%
ScientificFez
27%
MilitaristicGranada
27%
ScientificBabylon
24%
CulturalKumasi
24%
CulturalRapa Nui
24%
IndustrialCardiff
22%
CulturalVilnius
20%
TradeCahokia
18%
MilitaristicLahore
18%
ReligiousLa Venta
18%
MilitaristicPreslav
14%
TradeAntioch
12%
CulturalCaguana
10%
TradeHunza
10%
ReligiousNazca
8%
MilitaristicNgazargamu
4%
ScientificTaruga
4%

Score Distribution

Percentile by Number Answered

Percent of People with Each Score

Your Score History

You have not taken this quiz